Collective illusions : (Record no. 172020)

MARC details
000 -LEADER
fixed length control field 00940cam a2200277 i 4500
001 - CONTROL NUMBER
control field 1293658005
003 - CONTROL NUMBER IDENTIFIER
control field OSt
005 - DATE AND TIME OF LATEST TRANSACTION
control field 20250617124723.0
008 - FIXED-LENGTH DATA ELEMENTS--GENERAL INFORMATION
fixed length control field 220126t20222022nyua b 001 0 eng d
020 ## - INTERNATIONAL STANDARD BOOK NUMBER
International Standard Book Number 9780306925689 (hardcover)
024 ## - OTHER STANDARD IDENTIFIER
Terms of availability USD 17
040 ## - CATALOGING SOURCE
Original cataloging agency NjBwBT
Language of cataloging eng
Description conventions rda
Transcribing agency OQX
Modifying agency NUST
050 #4 - LIBRARY OF CONGRESS CALL NUMBER
Classification number HM1246 ROS
100 1# - MAIN ENTRY--PERSONAL NAME
Personal name Rose, Todd
Relator term Author
245 10 - TITLE STATEMENT
Title Collective illusions :
Remainder of title conformity, complicity, and the science of why we make bad decisions /
Statement of responsibility, etc. Todd Rose.
260 ## - PUBLICATION, DISTRIBUTION, ETC.
Place of publication, distribution, etc. New York :
Name of publisher, distributor, etc. Hachette Books,
Date of publication, distribution, etc. ©2022.
300 ## - PHYSICAL DESCRIPTION
Extent xxvii, 276 pages :
Other physical details Illustrations ;
Dimensions 24 cm.
336 ## - CONTENT TYPE
Content type term text
Content type code txt
Source rdacontent
337 ## - MEDIA TYPE
Media type term unmediated
Media type code n
Source rdamedia
338 ## - CARRIER TYPE
Carrier type term volume
Carrier type code nc
Source rdacarrier
504 ## - BIBLIOGRAPHY, ETC. NOTE
Bibliography, etc. note Includes bibliographical references and index.
650 #0 - SUBJECT ADDED ENTRY--TOPICAL TERM
Form subdivision Conformity.
650 #0 - SUBJECT ADDED ENTRY--TOPICAL TERM
Form subdivision Decision making.
650 #0 - SUBJECT ADDED ENTRY--TOPICAL TERM
Form subdivision Self-actualization (Psychology).
942 ## - ADDED ENTRY ELEMENTS (KOHA)
Source of classification or shelving scheme Library of Congress Classification
Koha item type Ordinary Loan Books
Classification part HM1246 ROS
Call number prefix HM
Call number suffix ROS
Suppress in OPAC No
Holdings
Withdrawn status Lost status Source of classification or shelving scheme Damaged status Not for loan Collection Home library Current library Shelving location Date acquired Source of acquisition Cost, normal purchase price Total Checkouts Full call number Barcode Date last seen Accession number Cost, replacement price Price effective from Koha item type Public note
    LCC     NFIC MAIN MAIN GEN 06/17/2025 Book Aid International 17.00   HM1246 ROS 92004055758 06/17/2025 61591 17.00 06/17/2025 BOOKS Donation